000 nam a22 7a 4500
999 _c10636
_d10636
008 180220b ||||| |||| 00| 0 eng d
100 _aVidyarthi,A.etal.
_96523
245 _aGo Grammar-1
260 _aNew Delhi
_bFK
_c2013